000 00416nam a2200157Ia 4500
003 OSt
005 20230605123630.0
008 211028s2011 xx 000 0 und d
040 _cAIMIT LIBRARY
041 _aeng
100 _aAcharya, Niteen; Kudari, Medha.
_98292
_e091921
110 _aMedha Kudari
_98293
245 _aMNP and intelligent network integration.
260 _aMangalore
_c2011
942 _2ddc
_cPRO
999 _c219815
_d219815